The Pitt - Characters (S1/S2) - Statistics

General Stats
  • This quiz has been taken 103 times
    74 since last reset
  • The average score is 20 of 32
Answer Stats
Position Answer % Correct
R1 Dr. Dennis Whitaker
93%
R2 Dr. Trinity Santos
93%
Day shift Charge nurse Dana
91%
R4 Dr. Frank Langdon
88%
R3 Dr. Melissa "Mel" King
84%
Night shift Attending Dr. Jack Abbott
82%
Day shift Attending Dr. Michael “Robby” Robinavitch
82%
Medical Student Victoria Javadi
80%
Day shift Attending Dr. Baran Al-Hashimi
79%
Surgical Resident Dr. Yolanda Garcia
79%
R4 Dr. Samira Mohan
73%
Nurse Princess
73%
Medical Student Joy
71%
R3 Dr. Cassie McKay
68%
Night shift Attending Dr. John Shen
68%
Medical Student James Ogilvie
68%
Nurse Perlah
66%
R4 Dr. Parker Elli
63%
R4 Dr. Heather Collins
55%
Nurse Emma
55%
Social Worker Kiara
55%
Nurse Donnie
52%
Night shift Surgical Attendig Dr. Emery Walsh
52%
Nurse Jesse
48%
CMO Gloria
45%
Security guard Ahmad
43%
Night shift Charge nurse Lena
43%
Nurse Mateo
43%
Patient Louie
41%
ER Clerk Lupe
21%
Senior Surgeon Eileen Shamsi
18%
Nurse Kim
13%
No matching quizzes found
Score Distribution
Percent of People with Each Score
Percentile by Number Answered
Your Score History
You have not taken this quiz since the last reset